| 000 | 00873nas a2200277 4500 | ||
|---|---|---|---|
| 001 | BR2010002956 | ||
| 003 | BR-BrBNA | ||
| 005 | 20231205114244.0 | ||
| 007 | ta | ||
| 008 | 230509b bl.|||p| |||| 00| 00por d | ||
| 040 |
_aBR-BrBNA _bpor _cBiblioteca Nacional de Agricultura |
||
| 041 | _a(Pt) | ||
| 072 | _aF08; F06 | ||
| 100 | 1 | _aMarouelli, W.A. | |
| 100 | 1 | _aAbdalla, R.P. | |
| 100 | 1 | _aMadeira, N.R. | |
| 100 | 1 | _aOliveira, A.S. de | |
| 100 | 1 | _aSouza, R.F. de | |
| 245 | 1 | _aEficiência de uso da água e produção de repolho sobre diferentes quantidades de palhada em plantio direto | |
| 650 | _aREPOLHO | ||
| 650 | _aIRRIGAÇÃO | ||
| 650 | _aPLANTIO DIRETO | ||
| 773 | 0 |
_tPesquisa Agropecuária Brasileira (Brazil) _xISSN 0100-204X _g(Apr 2010), v. 45(4) p. 369-375 _wBR2010002956 |
|
| 909 |
_a202311 _bLúcia _c55 _dLúcia Elande |
||
| 942 |
_2AGRIS _n0 _cANA |
||
| 999 |
_c207862 _d207862 |
||